00888cam a22002291 4500001001300000003000400013005001700017008004100034010001700075035001800092040002000110050002600130051002100156100004900177245005400226250001700280260005700297300001100354410006800365501017500433650005000608e 50000030 DLC20260227111234.0720208s1950 xx 000 0 eng  ae 50000030  a(OCoLC)236528 aDLCcODaWUdDLC00aL111b.A6 1950, no. 2 aLC4601b.M3 19501 aMartens, Elise H.q(Elise Henrietta),d1887-10aCurriculum adjustments for the mentally retarded. aRev., 2d ed. bFederal Security Agency, Office of Education,c1950. a100 p.10aUnited States.bOffice of Education.tBulletin, 1950,vno.00002 aCopies 1 and 2 of L111.A6 with: 102 motion pictures on democracy / Seerley Reid. Washington : U.S. Govt. Print. Off., 1950. Bound together subsequent to publication.5DLC 0aChildren with mental disabilitiesxEducation.